Quiz Vampire Diaries - Statistiques

Statistiques générales
  • Ce quiz a été pris 1 279 fois
  • Le résultat moyen est 6 sur 15
Statistiques - réponses
Personnage Acteur % Correct
Elena Gilbert Nina Dobrev
97%
Damon Salvatore Ian Somerhalder
87%
Stephan Salvatore Paul Wesley
85%
Caroline Forbes Candice Accola
56%
Niklaus Mikealson Joseph Morgan
49%
Rebekah Mikealson Claire Holt
39%
Elijah Mikealson Daniel Gillies
35%
Bonnie Benett Katerina Graham
33%
Jeremy Gilbert Steven R.Mcqueen
24%
Alaric Salzman Matthew Davis
23%
Matt Donovan Zach Roerig
21%
Kol Mikealson Nathaniel Buzolic
19%
Vicki Donovan Kayla Ewell
17%
Tyler Lockwood Micheal Trevino
16%
Enzo St John Micheal Malarkey
13%
Aucun quiz correspondant
Distribution des résultats
% des personnes avec chaque résultat
Percentile par nombre de réponses
Votre historique - résultats
Vous n’avez pas pris ce quiz